Entry Personal Name
Number of records used in: 1
001 - CONTROL NUMBER
003 - CONTROL NUMBER IDENTIFIER
005 - DATE AND TIME OF LATEST TRANSACTION
- control field:
20230921132024.0
008 - FIXED-LENGTH DATA ELEMENTS
- fixed length control field:
821207n| azannaabn |n aaa
010 ## - LIBRARY OF CONGRESS CONTROL NUMBER
- LC control number:
n 82160074
035 ## - SYSTEM CONTROL NUMBER
- System control number:
(OCoLC)oca00856011
040 ## - CATALOGING SOURCE
- Original cataloging agency:
DLC
- Language of cataloging:
eng
- Description conventions:
rda
- Transcribing agency:
DLC
- Modifying agency:
OrPOCIP
- Modifying agency:
MdRoLAC
046 ## - SPECIAL CODED DATES
- Birth date:
1953-11-01
- Source of date scheme:
edtf
100 1# - HEADING--PERSONAL NAME
- Personal name:
Nash, Geoffrey
378 ## - FULLER FORM OF PERSONAL NAME
- Fuller form of personal name:
Geoffrey P.
670 ## - SOURCE DATA FOUND
- Source citation:
His Iran's secret pogrom, 1982:
- Information found:
t.p. (Geoffrey Nash)
670 ## - SOURCE DATA FOUND
- Source citation:
Arab writer in English, 1998:
- Information found:
t.p. (Geoffrey P. Nash)
670 ## - SOURCE DATA FOUND
- Source citation:
Orientalism and literature, 2019:
- Information found:
eCIP title page (edited by Geoffrey P. Nash, SOAS, University of London) data view (b. Nov. 1, 1953)